Les bogov : memuarnaja kniga /

Hlavní autor: Sruoga, Balys, 1896-1947
Další autoři: Kanovičius, Grigorijus, 1929-2023, Šuravin, F.
Jazyk: Ruština
Vydáno: Vil'njus : Vaga, 1964
Témata:
Fyzický popis: 369 s. ; 23 cm
Knihy
Uloženo v:
LEADER 01005nam a22002892a 4500
001 001352143
003 CZ BrMZK
005 20140127102726.0
007 ta
008 131209s1964 li er|||||||||||rus d
040 |a DLC  |b cze  |c DLC  |d DLC  |d ABD001  |d BOA001 
041 1 |a rus  |h lit 
072 7 |a 821.17  |x Baltské literatury  |2 Konspekt  |9 25 
100 1 |a Sruoga, Balys,  |d 1896-1947  |7 ola2003172165  |4 aut 
245 1 4 |a Les bogov :  |b memuarnaja kniga /  |c Balis Sruoga ; perevod s litovskogo G. Kanoviča i F. Šuravina 
260 |a Vil'njus :  |b Vaga,  |c 1964 
300 |a 369 s. ;  |c 23 cm 
651 4 |a Stutthof  |v koncentrační tábor 
655 7 |a vzpomínky  |7 fd133830  |2 czenas 
655 7 |a litevské romány  |7 fd185030  |2 czenas 
700 1 |a Kanovičius, Grigorijus,  |d 1929-2023  |7 jn20020126010  |4 trl 
700 1 |a Šuravin, F.  |4 trl 
765 0 |t Dievų miškas  |9 Rusky 
910 |a BOA001  |b 2-0540.951 
990 |a BK 
991 |b 201312 
996 7 |b 2619034746  |c 2-0540.951  |l HP2  |r DEN  |n 0  |w 001386946  |u 000010  |a 1  |e BOA001  |j MZK50  |s A